000 00446nam a2200169 4500
003 SEACOMEC
005 20240130152911.0
008 240130b |||||||| |||| 00| 0 eng d
020 _cRs.195.00
040 _aSEACOMEC
082 _a518.6
_bS774
100 _aSri Ramachary,S.K.V.S.
245 1 _aMathematical methods
_cS.K.V.S. Sri Ramachary
260 _aHyderabad
_bB S Publications
650 _a mathematics,Numerical analysis
942 _cBOOK
999 _c550
_d550